000 00253nam a2200109Ia 4500
008 200302s9999 xx 000 0 und d
100 _aYuri Borev
245 _aAesthetics A Text Book
260 _bProgress Publishers
260 _c1985
300 _a329 P.,
999 _c2293
_d2293